LIBRARY ONLINE CATALOGUE

Relationship between business continuity management practices anf organizational performance (Record no. 18710)

MARC details
000 -LEADER
fixed length control field 00403nam a22001097a 4500
008 - FIXED-LENGTH DATA ELEMENTS--GENERAL INFORMATION
fixed length control field 210119b xxu||||| |||| 00| 0 eng d
050 ## - LIBRARY OF CONGRESS CALL NUMBER
Classification number GMB0693
Item number .S25 2018 c.1
100 ## - MAIN ENTRY--PERSONAL NAME
Personal name Sakura, Sylvia Chepkorir
245 ## - TITLE STATEMENT
Title Relationship between business continuity management practices anf organizational performance
Remainder of title a case of security firms
Statement of responsibility, etc. Sylvia Chepkorir Sakura
300 ## - PHYSICAL DESCRIPTION
Extent 80 leaves
942 ## - ADDED ENTRY ELEMENTS (KOHA)
Source of classification or shelving scheme Library of Congress Classification
Koha item type Thesis, Dissertation and Projecs
Holdings
Withdrawn status Lost status Source of classification or shelving scheme Not for loan Home library Current library Date acquired Total Checkouts Full call number Barcode Date last seen Price effective from Koha item type
    Library of Congress Classification   Kabarak, Main Campus Kabarak, Main Campus 19/01/2021   GMB0693 .S25 2018 c.1 029491 19/01/2021 19/01/2021 Thesis, Dissertation and Projecs
    Library of Congress Classification   Kabarak, Main Campus Kabarak, Main Campus 19/01/2021   GMB0693 .S25 2018 c.2 029499 09/02/2021 19/01/2021 Thesis, Dissertation and Projecs